Report of national commission for scheduled castes and scheduled tribes, atrocities on scheduled castes and tribes: causes & remedies (Record no. 488963)

000 -LEADER
fixed length control field 00456cam a22001097a 4500
008 - FIXED-LENGTH DATA ELEMENTS--GENERAL INFORMATION
fixed length control field 180718b1990 xxu||||| |||| 00| 0 eng d
082 ## - DEWEY DECIMAL CLASSIFICATION NUMBER
Classification number BA27x54 In2at
100 ## - MAIN ENTRY--PERSONAL NAME
Personal name India. National Commission for Scheduled Castes and Scheduled Tribes
245 ## - TITLE STATEMENT
Title Report of national commission for scheduled castes and scheduled tribes, atrocities on scheduled castes and tribes: causes & remedies
260 ## - PUBLICATION, DISTRIBUTION, ETC.
Place of publication, distribution, etc. Delhi
Name of publisher, distributor, etc. The Controller of Publications
Date of publication, distribution, etc. 1990
300 ## - PHYSICAL DESCRIPTION
Extent 87+p.
Holdings
Withdrawn status Lost status Damaged status Not for loan Permanent Location Current Location Date acquired Full call number Barcode Date last seen Price effective from Koha item type
        Indian Institute of Public Administration Indian Institute of Public Administration 2018-08-04 BA27x54 In2at GG21156 2018-08-04 2018-08-04 GG

Powered by Koha